Về quyền giám sát tối cao của Quốc hội /
Shranjeno v:
| Glavni avtor: | |
|---|---|
| Format: | Sách giấy |
| Jezik: | Vietnamese |
| Izdano: |
H. :
Chính trị Quốc gia,
2000
|
| Izdaja: | Tái bản có sửa chữa |
| Teme: | |
| Oznake: |
Označite
Brez oznak, prvi označite!
|
| Thư viện lưu trữ: | Thư viện Trường Đại học Đà Lạt |
|---|
| LEADER | 00804nam a2200301 4500 | ||
|---|---|---|---|
| 001 | DLU030020983 | ||
| 003 | ##DLU | ||
| 005 | ##20021230 | ||
| 008 | ##021230t vn z000 vie d | ||
| 040 | # | # | |a DLU |b vie |
| 041 | # | # | |a vie |
| 044 | # | # | |a vn |
| 082 | # | # | |a 342.052 |b PH-K |
| 100 | # | # | |a Phạm Ngọc Kỳ |
| 245 | # | # | |a Về quyền giám sát tối cao của Quốc hội / |c Phạm Ngọc Kỳ |
| 250 | # | # | |a Tái bản có sửa chữa |
| 260 | # | # | |a H. : |b Chính trị Quốc gia, |c 2000 |
| 300 | # | # | |a 225 tr. ; |c 19 cm |
| 610 | # | # | |a Việt Nam. |b Quốc hội |x Quyền hạn và trách nhiệm. |
| 992 | # | # | |a 15800 |
| 994 | # | # | |a DLU |
| 900 | # | # | |a True |
| 911 | # | # | |a Phan Ngọc Đông |
| 925 | # | # | |a G |
| 926 | # | # | |a A |
| 927 | # | # | |a SH |
| 980 | # | # | |a Thư viện Trường Đại học Đà Lạt |